Chế độ kế toán Việt Nam : Hệ thống tài khoản kế toán
Sách được ban hành theo Quyết định số 15/2006/QĐ-BTC ngày 20/3/2006 cua Bộ trưởng Bộ Tài Chính về việc ban hành chế độ kế toán doanh nghiệp về hệ thống tài khoản kế toán.
Đã lưu trong:
| Údar Corparáideach: | |
|---|---|
| Formáid: | Leabhar |
| Teanga: | Undetermined |
| Foilsithe: |
Hà Nội
Thống kê
2009
|
| Ábhair: | |
| Clibeanna: |
Cuir Clib Leis
Gan Chlibeanna, Bí ar an gcéad duine leis an taifead seo a chlibeáil!
|
| Thư viện lưu trữ: | Trung tâm Học liệu Trường Đại học Cần Thơ |
|---|
| LEADER | 01001nam a2200217Ia 4500 | ||
|---|---|---|---|
| 001 | CTU_140197 | ||
| 008 | 210402s9999 xx 000 0 und d | ||
| 020 | |c 78000 | ||
| 082 | |a 657.3 | ||
| 082 | |b B450/T.1 | ||
| 110 | |a Bộ Tài Chính | ||
| 245 | 0 | |a Chế độ kế toán Việt Nam : | |
| 245 | 0 | |b Hệ thống tài khoản kế toán | |
| 245 | 0 | |c Bộ Tài chính | |
| 260 | |a Hà Nội | ||
| 260 | |b Thống kê | ||
| 260 | |c 2009 | ||
| 520 | |a Sách được ban hành theo Quyết định số 15/2006/QĐ-BTC ngày 20/3/2006 cua Bộ trưởng Bộ Tài Chính về việc ban hành chế độ kế toán doanh nghiệp về hệ thống tài khoản kế toán. | ||
| 650 | |a Accounting systems,Financial reports,Financial accounting,Hệ thống kế toán,Báo cáo tài chính,Kế toán tài chính | ||
| 904 | |i Trọng Hải | ||
| 980 | |a Trung tâm Học liệu Trường Đại học Cần Thơ | ||